000 00575nam a2200217Ia 4500
005 20260429112147.0
008 260429s9999||||xx |||||||||||||| ||und||
020 _a9781032524986
041 _aEnglish
082 _a784.071
_bCOL
100 _aColwell, Richard J.
245 0 _aTeaching of instrumental music /
_cRichard J. Colwell
250 _a6th ed.
260 _aNew York :
_bRoutledge,
_c2025.
300 _avii, 446 p.; pbk
650 _a Instruction
650 _a Teaching
650 _aInstrumental music
700 _a Hewitt, Michael P.
942 _cTB
999 _c52660
_d52660